000 00677nam a2200253Ia 4500
003 OSt
005 20220918164020.0
006 a|||||r|||| 00| 0
007 ta
008 220917b |||||||| |||| 00| 0 eng d
020 _a0413372901
024 _a37,471
037 _cTextual
040 _aARTS
_cARTS
_beng
041 _2eng
_aeng
082 _aO113,2M98,14, 111L7
100 _aBrecht B
_916636
245 0 _aPunitla and his man matti tr by John Willett
260 _aLondon
_bmethuen UK
_c1977
300 _a95p.
_ccm.
650 _aENGLISH LITERATURE
942 _hO113,2M98,14, 111L7
_cTEXL
_2CC
999 _c122651
_d122651